Southville International School and Colleges
Your cart is empty.
  • Cart
  • Lists
    Public lists Eva Luna New books Lux_list list_1
    Your lists Log in to create your own lists
  • Log in to your account
  • Your cookies
  • Search history
Southville International School and Colleges
  • Advanced search
  • Recent comments
  • Most popular
  • Libraries

Log in to your account

Log in with GOOGLE


If you do not have an external account, but do have a local account, you can still log in:

  1. Home
  2. MARC view: The Adventures of Sherlock Holmes /
Normal view MARC view ISBD view

The Adventures of Sherlock Holmes / (Record no. 8502)

[ view plain ]
MARC details
000 -LEADER
fixed length control field 00706nam a22002177a 4500
003 - CONTROL NUMBER IDENTIFIER
control field OSt
005 - DATE AND TIME OF LATEST TRANSACTION
control field 20250819095844.0
008 - FIXED-LENGTH DATA ELEMENTS--GENERAL INFORMATION
fixed length control field 130814t xxu||||| |||| 00| 0 eng d
020 ## - INTERNATIONAL STANDARD BOOK NUMBER
International Standard Book Number 9788131938751
050 ## - LIBRARY OF CONGRESS CALL NUMBER
Classification number PR 4622
Item number .D754 2023
100 ## - MAIN ENTRY--PERSONAL NAME
Personal name Doyle, Arthur Conan
9 (RLIN) 9971
245 ## - TITLE STATEMENT
Title The Adventures of Sherlock Holmes /
Statement of responsibility, etc Arthur Conan Doyle.
260 ## - PUBLICATION, DISTRIBUTION, ETC. (IMPRINT)
Place of publication, distribution, etc New Delhi :
Name of publisher, distributor, etc Pegasus,
Date of publication, distribution, etc 2023.
300 ## - PHYSICAL DESCRIPTION
Extent 344 pages ;
Dimensions 20 cm.
600 ## - SUBJECT ADDED ENTRY--PERSONAL NAME
Personal name Doyle, Arthur Conan, 1859–1930
General subdivision Criticism and interpretation.
650 ## - SUBJECT ADDED ENTRY--TOPICAL TERM
9 (RLIN) 9972
Topical term or geographic name as entry element Detective and mystery stories, English.
650 ## - SUBJECT ADDED ENTRY--TOPICAL TERM
Topical term or geographic name as entry element Private investigators
Geographic subdivision England.
650 ## - SUBJECT ADDED ENTRY--TOPICAL TERM
Topical term or geographic name as entry element Holmes, Sherlock (Fictitious character).
942 ## - ADDED ENTRY ELEMENTS (KOHA)
Source of classification or shelving scheme Library of Congress Classification
Koha item type Books
Holdings
Withdrawn status Lost status Source of classification or shelving scheme Damaged status Home library Current library Shelving location Date acquired Source of acquisition Total Checkouts Full call number Barcode Date last seen Date checked out Copy number Price effective from Koha item type
    Library of Congress Classification   Luxembourg Library Luxembourg Library High School Section 08/14/2013 Library Fund 1 PR 4622 .D754 2023 16758 05/19/2025 11/26/2024 1 08/14/2013 Books

The Adventures of Sherlock Holmes /

APA

Doyle A. C., . (2023). The Adventures of Sherlock Holmes. New Delhi: Pegasus.

Chicago

Doyle Arthur Conan, . 2023. The Adventures of Sherlock Holmes. New Delhi: Pegasus.

Harvard

Doyle A. C., . (2023). The Adventures of Sherlock Holmes. New Delhi: Pegasus.

MLA

Doyle Arthur Conan, . The Adventures of Sherlock Holmes. New Delhi: Pegasus. 2023.

  • Place hold
  • Print
  • Cite
  • Add to your cart (remove)
  • Save record
    BIBTEX Dublin Core MARCXML MARC (non-Unicode/MARC-8) MARC (Unicode/UTF-8) MARC (Unicode/UTF-8, Standard) MODS (XML) RIS
  • More searches
    Search for this title in:
    Other Libraries (WorldCat) Other Databases (Google Scholar) Online Stores (Bookfinder.com) Open Library (openlibrary.org)

Exporting to Dublin Core...

SOUTHVILLE LIBRARY

Southville International School and Colleges Library

1281 Tropical Ave. Cor. Luxembourg St., BF Homes International, Las Pinas City

Tel. No. 8256374 / 252358 Loc. 117/146

Powered by Koha